| 000 | 01288nam a2200289 a 4500 | ||
|---|---|---|---|
| 001 | 11805460 | ||
| 008 | 140923s2000 ||||||||||||||||| || u | ||
| 010 | _a99051545 | ||
| 020 | _a0195080939 (alk. paper) | ||
| 050 | _a658.408 Fre | ||
| 100 | _aDodd, Richard | ||
| 245 | 1 | 0 |
_aEnvironmentalism and the new logic of business : how firms can be profitable and leave our children a living planet _cR. Edward Freeman, Jessica Pierce, Richard Dodd. |
| 260 |
_aNew York _bOxford University Press _c2000 |
||
| 300 | _axi, 146 p. . | ||
| 500 | _aIncludes bibliographical references (p. 123-134) and index. | ||
| 650 | 0 | _aENVIRONMENTALISM | |
| 650 | 0 | _aENVIRONMENTAL LAW, INTERNATIONAL | |
| 650 | 0 | _aIndustrial management - Environmental aspects - United States - Case studies | |
| 650 | 0 | _aENVIRONMENTAL LAW | |
| 650 | 0 | _aINDUSTRIAL MANAGEMENT -- ENVIRONMENTAL ASPECTS | |
| 650 | 0 | _aSOCIAL RESPONSIBILITY OF BUSINESS | |
| 700 | _aPierce, Jessica | ||
| 700 | _aFreeman, R. Edward | ||
| 856 | _uhttp://www.loc.gov/catdir/enhancements/fy0724/99051545-b.html | ||
| 856 | _uhttp://www.loc.gov/catdir/enhancements/fy0636/99051545-d.html | ||
| 995 |
_aAMERICAN CORNER _e0106580 _FCBU-DAG HAMMARSKJOLD INSTITUTE LIBRARY _j658.408 Fre _M1 _UAVAILABLE _WSep 23, 2014 _y0106580 _ZAmerican Collection |
||
| 999 |
_c223 _d223 |
||